Results of mobile phone masts study (Record no. 72128)
[ view plain ]
| 000 -LEADER | |
|---|---|
| fixed length control field | 01001cam a2200205 4500 |
| 001 - CONTROL NUMBER | |
| control field | WB3907-09 |
| 008 - FIXED-LENGTH DATA ELEMENTS--GENERAL INFORMATION | |
| fixed length control field | 030218n2003 000 0 eng u |
| 035 ## - SYSTEM CONTROL NUMBER | |
| System control number | (Sirsi) u121380 |
| 245 ## - TITLE STATEMENT | |
| Title | Results of mobile phone masts study |
| 260 ## - PUBLICATION, DISTRIBUTION, ETC. | |
| Date of publication, distribution, etc. | 2003 |
| 490 ## - SERIES STATEMENT | |
| Series statement | DTI Press Release |
| Volume/sequential designation | (P/2003/100) 18 February 2003, (2) |
| 520 ## - SUMMARY, ETC. | |
| Summary, etc. | New figures from a government study show that readings of electromagnet emissions from mobile phone masts in the UK are well below international guidelines. The audit of mobile phone masts will continue in 2003, focusing on schools and hospitals before researching other sites. Audit details available on the Radiocommunications Agency website at www.radio.gov.uk/topics/mpsafety/school-audit/audit.htm www.gnn.gov.uk/gnn/national.nsf/TI/BC63BBEBABE41C3F80256CD1003362B4?opendocument |
| 590 ## - LOCAL NOTE (RLIN) | |
| Local note | WB |
| 650 ## - SUBJECT ADDED ENTRY--TOPICAL TERM | |
| Topical term or geographic name entry element | MOBILE PHONE MASTS |
| 650 ## - SUBJECT ADDED ENTRY--TOPICAL TERM | |
| Topical term or geographic name entry element | EMISSION LEVELS |
| 650 ## - SUBJECT ADDED ENTRY--TOPICAL TERM | |
| Topical term or geographic name entry element | BASE STATIONS |
| 650 ## - SUBJECT ADDED ENTRY--TOPICAL TERM | |
| Topical term or geographic name entry element | AUDIT |
| 690 ## - LOCAL SUBJECT ADDED ENTRY--TOPICAL TERM (OCLC, RLIN) | |
| Topical term or geographic name as entry element | Health and safety |
| 9 (RLIN) | 6244 |
| 942 ## - ADDED ENTRY ELEMENTS (KOHA) | |
| Suppress in OPAC | 0 |
| Withdrawn status | Lost status | Source of classification or shelving scheme | Damaged status | Not for loan | Home library | Current library | Shelving location | Date acquired | Total Checkouts | Full call number | Barcode | Date last seen | Copy number | Price effective from | Koha item type |
|---|---|---|---|---|---|---|---|---|---|---|---|---|---|---|---|
| Dewey Decimal Classification | London | London | News article | 18/02/2003 | WB3907-09 | 121380-1001 | 06/08/2019 | 1 | 06/08/2019 | News article |